[Event "Montreal op"]
[Site "Montreal"]
[Date "2024.09.14"]
[Round "3"]
[White "Duong, Thanh Nha"]
[Black "Tanaka, Taira Tyler"]
[Result "1/2-1/2"]
[WhiteElo "2166"]
[BlackElo "2239"]
[PlyCount "115"]
[EventDate "2024.09.13"]
[EventType "swiss"]
[EventRounds "5"]
[EventCountry "CAN"]
[SourceTitle "EXT 2025"]
[Source "ChessBase"]
[SourceDate "2024.10.14"]
[SourceVersion "1"]
[SourceVersionDate "2024.10.14"]
[SourceQuality "1"]

1. e4 c5 2. Nf3 d6 3. d4 cxd4 4. Nxd4 Nf6 5. Nc3 g6 6. Bc4 Bg7 7. f3 Nc6 8. Be3 Qb6 9. Ncb5 Qa5+ 10. Qd2 Qxd2+ 11. Kxd2 0-0 12. c3 Bd7 13. Bb3 Na5 14. Nc7 Rac8 15. Nd5 Nxd5 16. Bxd5 Nc4+ 17. Bxc4 Rxc4 18. g4 b5 19. a3 a5 20. h4 e5 21. Ne2 f5 22. gxf5 gxf5 23. b3 Rc6 24. a4 bxa4 25. Rxa4 Ra6 26. Ra3 Bc6 27. Rha1 f4 28. Bf2 d5 29. exd5 Bxd5 30. Ng1 Rd8 31. Ke2 e4 32. fxe4 Re6 33. Bd4 Rxe4+ 34. Kd3 Bxd4 35. cxd4 Re3+ 36. Kd2 Bxb3 37. Ne2 a4 38. Nxf4 Re4 39. Rg1+ Kf7 40. Ne2 Rxh4 41. Raa1 Rh2 42. Kd3 Rh3+ 43. Rg3 Rxg3+ 44. Nxg3 Kg6 45. Ne4 h5 46. Nc3 h4 47. Nxa4 Bd5 48. Rg1+ Kh5 49. Nc3 h3 50. Nxd5 Rxd5 51. Ke4 Rd8 52. d5 Kh4 53. Ke5 h2 54. Rh1 Kh3 55. d6 Kg2 56. Rxh2+ Kxh2 57. Ke6 Rxd6+ 58. Kxd6 1/2-1/2

[Event "Montreal op"]
[Site "Montreal"]
[Date "2024.09.14"]
[Round "2"]
[White "Tanaka, Taira Tyler"]
[Black "Genzling, Jerome"]
[Result "1-0"]
[WhiteElo "2239"]
[BlackElo "2047"]
[PlyCount "86"]
[EventDate "2024.09.13"]
[EventType "swiss"]
[EventRounds "5"]
[EventCountry "CAN"]
[SourceTitle "EXT 2025"]
[Source "ChessBase"]
[SourceDate "2024.10.14"]
[SourceVersion "1"]
[SourceVersionDate "2024.10.14"]
[SourceQuality "1"]

1. e4 c5 2. Nc3 Nc6 3. Bb5 Nd4 4. Bc4 g6 5. Nf3 Bg7 6. Nxd4 cxd4 7. Qf3 e6 8. Nb5 Be5 9. c3 dxc3 10. d4 a6 11. dxe5 axb5 12. Bb3 cxb2 13. Bxb2 Ne7 14. h4 h5 15. Rd1 Nc6 16. Qg3 Qe7 17. 0-0 Na5 18. f4 b6 19. Bd4 Bb7 20. Bxb6 Bxe4 21. Bxa5 Rxa5 22. Qe1 Ra7 23. Qxe4 Qxh4 24. Qd4 Rb7 25. Qc5 Qd8 26. a4 Qb6 27. Qxb6 Rxb6 28. a5 Ra6 29. Ra1 Ke7 30. Rf2 Rc8 31. Rc2 Rca8 32. Rca2 Rc8 33. Bd1 d6 34. Bf3 Rc5 35. exd6+ Kxd6 36. Kf2 Ra7 37. a6 Rc4 38. Rb1 b4 39. Ra5 Rxf4 40. Rb5 b3 41. R5xb3 Ra4 42. R1b2 f5 43. Rb6+ Kd7 1-0

[Event "Titled Tuesday intern op 30th Jul Early"]
[Site "Chess.com INT"]
[Date "2024.07.30"]
[Round "7"]
[White "Tanaka, Taira Tyler"]
[Black "Guzman Lozano, Campo Elias"]
[Result "1-0"]
[WhiteElo "2237"]
[BlackElo "1868"]
[PlyCount "73"]
[EventDate "2024.07.30"]
[EventType "swiss (blitz)"]
[EventRounds "11"]
[EventCountry "USA"]
[SourceTitle "EXT 2025"]
[Source "ChessBase"]
[SourceDate "2024.10.14"]
[SourceVersion "1"]
[SourceVersionDate "2024.10.14"]
[SourceQuality "1"]

1. c4 e6 2. Nc3 Nf6 3. d4 d5 4. Nf3 c6 5. Bg5 Be7 6. e3 Nbd7 7. Bd3 Nf8 8. 0-0 Ng6 9. Qe2 dxc4 10. Bxc4 Nd5 11. Bxe7 Nxc3 12. bxc3 Qxe7 13. e4 0-0 14. e5 b5 15. Bd3 a5 16. g3 Bb7 17. h4 Nh8 18. Ng5 g6 19. Ne4 f5 20. exf6 Rxf6 21. Nxf6+ Qxf6 22. Rae1 Re8 23. Qe5 Qd8 24. h5 Nf7 25. Qf4 Ng5 26. Qg4 c5 27. f4 cxd4 28. Qxg5 Qb6 29. hxg6 dxc3+ 30. Kh2 h6 31. Qxh6 Re7 32. g7 Rxg7 33. Rxe6 Qd8 34. Rg6 Qd4 35. Rxg7+ Qxg7 36. Qxg7+ Kxg7 37. Bxb5 1-0

[Event "Titled Tuesday intern op 23rd Jul Early"]
[Site "Chess.com INT"]
[Date "2024.07.23"]
[Round "5"]
[White "Agibileg, Uurtsaikh"]
[Black "Tanaka, Taira Tyler"]
[Result "1-0"]
[WhiteElo "2418"]
[BlackElo "2237"]
[PlyCount "79"]
[EventDate "2024.07.23"]
[EventType "swiss (blitz)"]
[EventRounds "11"]
[EventCountry "USA"]
[SourceTitle "EXT 2025"]
[Source "ChessBase"]
[SourceDate "2024.10.14"]
[SourceVersion "1"]
[SourceVersionDate "2024.10.14"]
[SourceQuality "1"]

1. d4 Nf6 2. c4 e6 3. Nc3 Bb4 4. a3 Bxc3+ 5. bxc3 b6 6. f3 Nc6 7. e4 d6 8. Bd3 Na5 9. Nh3 Ba6 10. Qe2 Qd7 11. 0-0 c5 12. a4 Rc8 13. d5 h6 14. f4 exd5 15. cxd5 Bxd3 16. Qxd3 0-0 17. c4 Rfe8 18. Nf2 Ng4 19. Bb2 Nxf2 20. Rxf2 f6 21. h3 Re7 22. Re2 Rce8 23. Qc2 Qc8 24. Rae1 Qa6 25. Rc1 Qc8 26. Rd1 Qa6 27. Rc1 Qc8 28. Re3 Qa6 29. Qe2 Nb7 30. Ra1 Na5 31. Rc1 Nb3 32. Rxb3 Rxe4 33. Qg4 Rxc4 34. Rxc4 Qxc4 35. Bxf6 g5 36. fxg5 Re1+ 37. Kh2 Qxb3 38. gxh6+ Kf7 39. Qg7+ Ke8 40. h7 1-0

[Event "Titled Tuesday intern op 23rd Jul Early"]
[Site "Chess.com INT"]
[Date "2024.07.23"]
[Round "6"]
[White "Shearsby, Jude"]
[Black "Tanaka, Taira Tyler"]
[Result "1-0"]
[WhiteElo "2130"]
[BlackElo "2237"]
[PlyCount "63"]
[EventDate "2024.07.23"]
[EventType "swiss (blitz)"]
[EventRounds "11"]
[EventCountry "USA"]
[SourceTitle "EXT 2025"]
[Source "ChessBase"]
[SourceDate "2024.10.14"]
[SourceVersion "1"]
[SourceVersionDate "2024.10.14"]
[SourceQuality "1"]

1. e4 Nf6 2. Nc3 d5 3. exd5 Nxd5 4. Bc4 Nxc3 5. Qf3 e6 6. dxc3 Nd7 7. Bf4 Bd6 8. 0-0-0 Bxf4+ 9. Qxf4 0-0 10. Nf3 c6 11. Rd4 Qf6 12. Qg3 e5 13. Re4 b5 14. Bb3 a5 15. a3 Nc5 16. Rxe5 Nxb3+ 17. cxb3 Be6 18. Nd4 Bd5 19. Rhe1 a4 20. Rf5 Qh6+ 21. f4 axb3 22. Rg5 g6 23. Nf5 Qxg5 24. Qxg5 f6 25. Qg3 Rfe8 26. Ne7+ Kf7 27. Nxd5 cxd5 28. Rd1 Re2 29. Qf3 Rc2+ 30. Kb1 Rd8 31. Rxd5 Re2 32. Rxd8 1-0

[Event "Titled Tuesday intern op 23rd Jul Early"]
[Site "Chess.com INT"]
[Date "2024.07.23"]
[Round "9"]
[White "Tanaka, Taira Tyler"]
[Black "Romero Ruscalleda, Josep"]
[Result "1-0"]
[WhiteElo "2237"]
[BlackElo "2153"]
[PlyCount "71"]
[EventDate "2024.07.23"]
[EventType "swiss (blitz)"]
[EventRounds "11"]
[EventCountry "USA"]
[SourceTitle "EXT 2025"]
[Source "ChessBase"]
[SourceDate "2024.10.14"]
[SourceVersion "1"]
[SourceVersionDate "2024.10.14"]
[SourceQuality "1"]

1. d4 g6 2. b3 Bg7 3. Bb2 c5 4. e3 Nc6 5. Nf3 cxd4 6. exd4 d5 7. Be2 Nf6 8. 0-0 0-0 9. c4 Bf5 10. Nc3 Rc8 11. Ne5 dxc4 12. Nxc6 Rxc6 13. bxc4 Rc8 14. Qb3 b6 15. Rfe1 Re8 16. Rad1 Ne4 17. Nxe4 Bxe4 18. Bg4 Bf5 19. Bxf5 gxf5 20. Rd3 Rc6 21. d5 Rg6 22. Bxg7 Kxg7 23. Qc3+ Kg8 24. Rf3 e6 25. Qe5 f6 26. Qe2 b5 27. dxe6 bxc4 28. Qxc4 Re7 29. Rxf5 Qd2 30. Qe2 Qd6 31. g3 Kg7 32. Qe4 Qd2 33. Rd5 Qxa2 34. Rd7 Kf8 35. Qb4 Kg7 36. Qxe7+ 1-0

[Event "Titled Tuesday intern op 25th Jun Late"]
[Site "Chess.com INT"]
[Date "2024.06.25"]
[Round "1"]
[White "Harish, Neeraj"]
[Black "Tanaka, Taira Tyler"]
[Result "0-1"]
[WhiteElo "2123"]
[BlackElo "2231"]
[PlyCount "58"]
[EventDate "2024.06.25"]
[EventType "swiss (blitz)"]
[EventRounds "11"]
[EventCountry "USA"]
[SourceTitle "EXT 2025"]
[Source "ChessBase"]
[SourceDate "2024.10.14"]
[SourceVersion "1"]
[SourceVersionDate "2024.10.14"]
[SourceQuality "1"]

1. c4 c6 2. Nf3 d6 3. d4 Nf6 4. g3 Bg4 5. Bg2 d5 6. 0-0 Bxf3 7. Bxf3 e6 8. Nc3 dxc4 9. a4 a5 10. e4 Nbd7 11. Qe2 Nb6 12. Be3 Bb4 13. Rad1 0-0 14. Bg2 Bxc3 15. bxc3 Nxa4 16. Qc2 b5 17. f4 Nb6 18. f5 Ng4 19. Bc1 exf5 20. Rxf5 Qe7 21. Rdf1 a4 22. e5 Nd5 23. Bxd5 cxd5 24. h3 Nh6 25. Bxh6 gxh6 26. Rf6 Kh8 27. Rxh6 f5 28. exf6 Qe3+ 29. Kh2 Qxh6 0-1

[Event "Titled Tuesday intern op 18th Jun Early"]
[Site "Chess.com INT"]
[Date "2024.06.18"]
[Round "2"]
[White "Henriquez Villagra, Cristobal"]
[Black "Tanaka, Taira Tyler"]
[Result "1-0"]
[WhiteElo "2588"]
[BlackElo "2232"]
[PlyCount "107"]
[EventDate "2024.06.18"]
[EventType "swiss (blitz)"]
[EventRounds "11"]
[EventCountry "USA"]
[SourceTitle "EXT 2025"]
[Source "ChessBase"]
[SourceDate "2024.10.14"]
[SourceVersion "1"]
[SourceVersionDate "2024.10.14"]
[SourceQuality "1"]

1. g3 d5 2. Bg2 Nf6 3. d3 g6 4. Nf3 Bg7 5. 0-0 0-0 6. c4 dxc4 7. dxc4 Qxd1 8. Rxd1 c6 9. Nc3 Be6 10. b3 Ne4 11. Nxe4 Bxa1 12. Ba3 Bg7 13. Bxe7 Re8 14. Nf6+ Bxf6 15. Bxf6 Nd7 16. Bc3 Rad8 17. Rc1 f6 18. Nd2 Kf7 19. h3 f5 20. Nf3 h6 21. Kf1 g5 22. Ba5 b6 23. Bc3 c5 24. Ne1 Nf8 25. Nd3 Ng6 26. Bf3 f4 27. g4 Bc8 28. Bd5+ Be6 29. Be4 Bc8 30. f3 Rxe4 31. fxe4 Bb7 32. e5 Be4 33. Rd1 f3 34. Nf2 Rxd1+ 35. Nxd1 Ke6 36. Nf2 Bb7 37. e4 Nxe5 38. Ke1 Ng6 39. Bg7 Nf4 40. Bxh6 Kf6 41. e5+ Kg6 42. Bf8 Ne6 43. Be7 Nd4 44. Kd2 Bc8 45. Kd3 Bb7 46. Bd6 Kf7 47. b4 Ne6 48. b5 Nd4 49. a4 Kg6 50. a5 bxa5 51. Bxc5 Ne6 52. Bxa7 a4 53. Kc3 a3 54. Kb3 1-0

[Event "Titled Tuesday intern op 18th Jun Early"]
[Site "Chess.com INT"]
[Date "2024.06.18"]
[Round "4"]
[White "Sjugirov, Sanan"]
[Black "Tanaka, Taira Tyler"]
[Result "1-0"]
[WhiteElo "2661"]
[BlackElo "2232"]
[PlyCount "129"]
[EventDate "2024.06.18"]
[EventType "swiss (blitz)"]
[EventRounds "11"]
[EventCountry "USA"]
[SourceTitle "EXT 2025"]
[Source "ChessBase"]
[SourceDate "2024.10.14"]
[SourceVersion "1"]
[SourceVersionDate "2024.10.14"]
[SourceQuality "1"]

1. d4 Nf6 2. Bg5 d5 3. e3 c5 4. Bxf6 gxf6 5. dxc5 e6 6. Nf3 Bxc5 7. Be2 Nc6 8. 0-0 0-0 9. c4 dxc4 10. Qa4 f5 11. Qxc4 Qe7 12. Nc3 a6 13. Rac1 Rd8 14. a3 Bd7 15. Nd5 exd5 16. Qxc5 Qxc5 17. Rxc5 Be6 18. Rfc1 d4 19. exd4 Nxd4 20. Nxd4 Rxd4 21. Bf3 Rad8 22. g3 Rd2 23. R5c2 b6 24. Kg2 Bb3 25. Rxd2 Rxd2 26. Rc6 b5 27. Rxa6 Rxb2 28. Ra5 Bc4 29. a4 bxa4 30. Rxa4 Be6 31. Ra5 Kg7 32. h3 h6 33. Ra6 Rd2 34. Ra4 Rb2 35. Rf4 Rd2 36. Kf1 Rb2 37. Bg2 Rc2 38. Bf3 Rb2 39. Be2 Rb1+ 40. Kg2 Rb2 41. Bd3 Bd5+ 42. Kh2 Rd2 43. Bxf5 Rd1 44. g4 Rh1+ 45. Kg3 Ra1 46. Be4 Ra3+ 47. f3 Bxe4 48. Rxe4 Ra1 49. Re5 Ra4 50. h4 Ra3 51. Rf5 Ra4 52. Rh5 Ra3 53. g5 hxg5 54. Rxg5+ Kf6 55. Kg4 Ra8 56. Rf5+ Kg6 57. h5+ Kg7 58. Rg5+ Kf6 59. h6 Rh8 60. Kh5 Rh7 61. Rg8 Ke6 62. Rg7 Rh8 63. h7 Kf6 64. Kh6 Ke7 65. Rg8 1-0

[Event "Titled Tuesday intern op 18th Jun Early"]
[Site "Chess.com INT"]
[Date "2024.06.18"]
[Round "5"]
[White "Tanaka, Taira Tyler"]
[Black "Kovalevsky, Stanislav"]
[Result "0-1"]
[WhiteElo "2232"]
[BlackElo "2114"]
[PlyCount "164"]
[EventDate "2024.06.18"]
[EventType "swiss (blitz)"]
[EventRounds "11"]
[EventCountry "USA"]
[SourceTitle "EXT 2025"]
[Source "ChessBase"]
[SourceDate "2024.10.14"]
[SourceVersion "1"]
[SourceVersionDate "2024.10.14"]
[SourceQuality "1"]

1. e4 c6 2. d4 d5 3. exd5 cxd5 4. Bd3 Nc6 5. c3 Nf6 6. Bf4 Bg4 7. Qb3 Qd7 8. Nd2 e6 9. Ngf3 a6 10. 0-0 Be7 11. h3 Bh5 12. a4 0-0 13. Rfe1 Rac8 14. Ne5 Nxe5 15. Bxe5 Ne8 16. Qc2 Bg6 17. Bxg6 hxg6 18. a5 Nd6 19. Bxd6 Qxd6 20. Qd3 Rc7 21. Rec1 Rfc8 22. g3 Bd8 23. Kg2 Kf8 24. h4 Bf6 25. Re1 Qc6 26. Rh1 Qb5 27. Qxb5 axb5 28. Nb3 Be7 29. h5 gxh5 30. Rxh5 Ke8 31. Rh8+ Kd7 32. Rh7 Rg8 33. a6 bxa6 34. Rxa6 b4 35. cxb4 Bxb4 36. Rb6 Bd6 37. Kf3 f6 38. Ke3 e5 39. f4 exf4+ 40. gxf4 Re8+ 41. Kd3 Re7 42. Rb5 Kc6 43. Ra5 Rb7 44. Kc2 Re2+ 45. Kd3 Rxb2 46. Nc5 Bxc5 47. Rxc5+ Kd6 48. Rh5 R7b3+ 49. Rc3 Rxc3+ 50. Kxc3 Rf2 51. f5 Rf3+ 52. Kd2 Rf4 53. Ke3 Re4+ 54. Kd3 Kc6 55. Rh7 Rg4 56. Ke3 Kb5 57. Kd3 Rg3+ 58. Kd2 Kc4 59. Rh4 Rf3 60. Rg4 Rxf5 61. Rxg7 Kxd4 62. Rg4+ Ke5 63. Ke3 Rh5 64. Rg3 f5 65. Kd3 Rh4 66. Rg8 Ra4 67. Re8+ Kf4 68. Rf8 Kg4 69. Rg8+ Kf3 70. Rf8 f4 71. Rf7 Ra3+ 72. Kd4 Kg3 73. Rg7+ Kf2 74. Kxd5 Ra4 75. Rg4 Kf3 76. Rh4 Kg3 77. Rh8 f3 78. Rg8+ Rg4 79. Ra8 f2 80. Ra3+ Kg2 81. Ra2 Kg1 82. Ra1+ f1Q 0-1

[Event "Titled Tuesday intern op 18th Jun Early"]
[Site "Chess.com INT"]
[Date "2024.06.18"]
[Round "10"]
[White "Tanaka, Taira Tyler"]
[Black "Liu, Casper Yukun"]
[Result "0-1"]
[WhiteElo "2232"]
[BlackElo "2316"]
[PlyCount "68"]
[EventDate "2024.06.18"]
[EventType "swiss (blitz)"]
[EventRounds "11"]
[EventCountry "USA"]
[SourceTitle "EXT 2025"]
[Source "ChessBase"]
[SourceDate "2024.10.14"]
[SourceVersion "1"]
[SourceVersionDate "2024.10.14"]
[SourceQuality "1"]

1. e4 c6 2. d4 d5 3. exd5 cxd5 4. Bd3 g6 5. Nf3 Bg7 6. c3 Nc6 7. 0-0 Nf6 8. h3 0-0 9. Re1 Bf5 10. Bf1 a6 11. a4 Rc8 12. Bf4 Re8 13. Nbd2 Ne4 14. Nb3 Qb6 15. a5 Qd8 16. Bd3 Nd6 17. Bxd6 Qxd6 18. Bxf5 gxf5 19. Nc5 Qc7 20. b4 e6 21. Qd2 Kh8 22. Kh1 Rg8 23. Rg1 Ne7 24. Ng5 Ng6 25. Rae1 Nh4 26. g3 Ng6 27. h4 Bf6 28. f4 Rg7 29. Kh2 Rcg8 30. Qd1 Nxf4 31. gxf4 Qxf4+ 32. Kh3 Bxg5 33. hxg5 Rxg5 34. Rxg5 Qxg5 0-1

[Event "Titled Tuesday intern op 18th Jun Early"]
[Site "Chess.com INT"]
[Date "2024.06.18"]
[Round "7"]
[White "Vidyarthi, Omya"]
[Black "Tanaka, Taira Tyler"]
[Result "0-1"]
[WhiteElo "2084"]
[BlackElo "2232"]
[PlyCount "86"]
[EventDate "2024.06.18"]
[EventType "swiss (blitz)"]
[EventRounds "11"]
[EventCountry "USA"]
[SourceTitle "EXT 2025"]
[Source "ChessBase"]
[SourceDate "2024.10.14"]
[SourceVersion "1"]
[SourceVersionDate "2024.10.14"]
[SourceQuality "1"]

1. d4 c5 2. dxc5 e6 3. Nc3 Bxc5 4. Ne4 d5 5. Nxc5 Qa5+ 6. c3 Qxc5 7. Nf3 Nf6 8. Bf4 0-0 9. h3 Nc6 10. e3 Qe7 11. Ne5 Nxe5 12. Bxe5 Nd7 13. Bg3 b6 14. Bd3 Bb7 15. 0-0 e5 16. Bc2 Nf6 17. Bb3 Rad8 18. Bh4 h6 19. Qf3 g5 20. Bg3 Ne4 21. Rad1 f5 22. Bh2 Kg7 23. Qe2 Nc5 24. Bc2 Ba6 25. Qf3 Bxf1 26. Kxf1 Ne4 27. Qe2 Nf6 28. Bxf5 e4 29. c4 dxc4 30. Rc1 b5 31. g4 Rd5 32. a4 a6 33. axb5 axb5 34. b3 Rfd8 35. bxc4 Rd2 36. Qe1 b4 37. c5 b3 38. Bd6 R8xd6 39. cxd6 Qxd6 40. Rb1 b2 41. Kg2 Qd3 42. Qf1 Qxe3 43. Rd1 Qf3+ 0-1

[Event "Titled Tuesday intern op 14th May Early"]
[Site "Chess.com INT"]
[Date "2024.05.14"]
[Round "3"]
[White "George Samir, David"]
[Black "Tanaka, Taira Tyler"]
[Result "0-1"]
[WhiteElo "2143"]
[BlackElo "2216"]
[PlyCount "124"]
[EventDate "2024.05.14"]
[EventType "swiss (blitz)"]
[EventRounds "11"]
[EventCountry "USA"]
[SourceTitle "EXT 2025"]
[Source "ChessBase"]
[SourceDate "2024.10.14"]
[SourceVersion "1"]
[SourceVersionDate "2024.10.14"]
[SourceQuality "1"]

1. e4 c5 2. Nf3 e6 3. d4 cxd4 4. Nxd4 Nc6 5. Nb5 d6 6. c4 a6 7. N5c3 Nf6 8. Be3 Be7 9. Be2 0-0 10. 0-0 b6 11. Na3 Bb7 12. f3 Rc8 13. Rc1 Ne5 14. f4 Ned7 15. Bf3 Qc7 16. b4 Qb8 17. Qe2 Rfe8 18. Nc2 Qa8 19. Bf2 b5 20. e5 Bxf3 21. gxf3 dxe5 22. fxe5 Nh5 23. c5 Bg5 24. Ne4 Bxc1 25. Rxc1 Nxe5 26. Nd4 Red8 27. Rd1 Nf4 28. Qe3 Nh3+ 29. Kg2 Nxf2 30. Kxf2 Qd5 31. Nd6 Rxd6 32. cxd6 Qxd6 33. Qe2 Ng6 34. Nxb5 Qxh2+ 35. Ke3 Qxe2+ 36. Kxe2 axb5 37. a4 bxa4 38. Ra1 Nf4+ 39. Ke3 Nd5+ 40. Kd4 Nxb4 41. Rxa4 Nd5 42. Ra7 g6 43. Ke5 Kg7 44. f4 Nf6 45. Ra5 Rc5+ 46. Rxc5 Nd7+ 47. Kd6 Nxc5 48. Kxc5 Kf6 49. Kd4 Kf5 50. Ke3 e5 51. fxe5 Kxe5 52. Kf3 h5 53. Kg3 g5 54. Kf3 f5 55. Kg3 h4+ 56. Kf3 g4+ 57. Kf2 f4 58. Kg2 Ke4 59. Kf2 h3 60. Kf1 g3 61. Kg1 f3 62. Kf1 h2 0-1

[Event "Titled Tuesday intern op 14th May Early"]
[Site "Chess.com INT"]
[Date "2024.05.14"]
[Round "9"]
[White "Norowitz, Yaacov"]
[Black "Tanaka, Taira Tyler"]
[Result "1/2-1/2"]
[WhiteElo "2402"]
[BlackElo "2216"]
[PlyCount "135"]
[EventDate "2024.05.14"]
[EventType "swiss (blitz)"]
[EventRounds "11"]
[EventCountry "USA"]
[SourceTitle "EXT 2025"]
[Source "ChessBase"]
[SourceDate "2024.10.14"]
[SourceVersion "1"]
[SourceVersionDate "2024.10.14"]
[SourceQuality "1"]

1. d4 d5 2. e3 Nf6 3. Bd3 c5 4. c3 cxd4 5. exd4 Nc6 6. Bf4 Bg4 7. Qb3 Qd7 8. Nd2 e6 9. Ngf3 Bxf3 10. Nxf3 Bd6 11. Bg3 0-0 12. Qd1 Rab8 13. Qe2 a6 14. a4 Qc7 15. Bxd6 Qxd6 16. Ne5 Nd7 17. f4 g6 18. 0-0 f6 19. Nxd7 Qxd7 20. Rae1 Rbe8 21. Rf3 Kg7 22. Re3 Kf7 23. g4 Qd6 24. Qf2 Kg7 25. Qg3 Re7 26. h4 Rfe8 27. g5 fxg5 28. hxg5 Rf8 29. Rf1 Ref7 30. Ref3 Ne7 31. Qh4 Nf5 32. Bxf5 Rxf5 33. Kg2 Qb6 34. R3f2 Kg8 35. Rh1 R8f7 36. Kg3 Qc6 37. a5 Qb5 38. Re1 Qc6 39. Rfe2 Qc7 40. Rxe6 Rxf4 41. Re8+ Rf8 42. R8e7 Rf3+ 43. Kg2 Rf2+ 44. Kg1 Rf1+ 45. Rxf1 Rxf1+ 46. Kxf1 Qxe7 47. Qf4 Qf7 48. Qf2 Qxf2+ 49. Kxf2 h6 50. gxh6 Kh7 51. c4 Kxh6 52. cxd5 Kg7 53. Ke3 Kf7 54. Kf4 Ke7 55. Ke5 Kd7 56. Kf6 Kd6 57. Kxg6 Kxd5 58. Kf7 Kxd4 59. Ke7 Kc5 60. Kd7 Kb5 61. Kc7 Kxa5 62. Kxb7 Kb5 63. Ka7 a5 64. Kb7 a4 65. Ka7 Kb4 66. Ka6 Kb3 67. Ka5 Kxb2 68. Kxa4 1/2-1/2

[Event "Titled Tuesday intern op 14th May Early"]
[Site "Chess.com INT"]
[Date "2024.05.14"]
[Round "11"]
[White "Rakhmatullaev, Almas"]
[Black "Tanaka, Taira Tyler"]
[Result "1-0"]
[WhiteElo "2411"]
[BlackElo "2216"]
[PlyCount "53"]
[EventDate "2024.05.14"]
[EventType "swiss (blitz)"]
[EventRounds "11"]
[EventCountry "USA"]
[SourceTitle "EXT 2025"]
[Source "ChessBase"]
[SourceDate "2024.10.14"]
[SourceVersion "1"]
[SourceVersionDate "2024.10.14"]
[SourceQuality "1"]

1. e4 c6 2. d4 d5 3. exd5 cxd5 4. c4 Nf6 5. Nc3 e6 6. c5 b6 7. b4 a5 8. Na4 bxc5 9. bxc5 Ba6 10. Bxa6 Rxa6 11. Nf3 Be7 12. 0-0 0-0 13. Bf4 Nc6 14. Rb1 Ne4 15. Qd3 Qa8 16. Nb6 Qa7 17. a3 f5 18. Qb5 Qb7 19. Rb3 Bf6 20. Qd3 Qa7 21. Rfb1 g5 22. Bd6 Re8 23. Ne5 Bxe5 24. dxe5 Nxe5 25. Bxe5 Nxc5 26. Qb5 Nxb3 27. Qxe8# 1-0